LIBRARY & INFORMATION CENTRE, KCAET, TAVANUR

ONLINE PUBLIC ACCESS CATALOGUE (OPAC)

Irrigation and Drainage (Record no. 19177)

MARC details
000 -LEADER
fixed length control field 00269nam a22001217a 4500
003 - CONTROL NUMBER IDENTIFIER
control field OSt
008 - FIXED-LENGTH DATA ELEMENTS--GENERAL INFORMATION
fixed length control field 250129b |||||||| |||| 00| 0 eng d
041 ## - LANGUAGE CODE
Language code of text/sound track or separate title eng
100 ## - MAIN ENTRY--AUTHOR NAME
Personal name Sharma, RK
245 ## - TITLE STATEMENT
Title Irrigation and Drainage
700 ## - ADDED ENTRY--PERSONAL NAME
Personal name Sharma, TK
942 ## - ADDED ENTRY ELEMENTS (KOHA)
Koha item type Books
Holdings
Withdrawn status Lost status Damaged status Home library Current library Date acquired Cost, normal purchase price Accession Number Koha item type
Withdrawn     KAUAET KAUAET 29/01/2025 95.00 17002 Books
free website counter